00331nam a2200133Ia 4500008004100000020001500041041001200056082001600068100001500084245004900099260002500148300000800173650001600181221030s9999 xx 000 0 und d a0074636391 aEnglish a105.23bHal aD. V. Hall 0aMicroprocessors & Interfacingcby D. V. Hall bTMHaNew Delhic2003 a624 aBE Computer